Leonardo / (Record no. 34833)

MARC details
000 -CABECERA
campo de control de longitud fija 00611nam a2200205 a 4500
005 - FECHA Y HORA DE LA ÚLTIMA TRANSACCIÓN
campo de control 20210223122412.0
008 - ELEMENTOS DE LONGITUD FIJA--INFORMACIÓN GENERAL
campo de control de longitud fija 991125s1976 es 000 0 spa u
020 ## - NÚMERO INTERNACIONAL NORMALIZADO PARA LIBROS
Número Internacional Estándar del Libro 8471021250
035 ## - NÚMERO DE CONTROL DEL SISTEMA
Número de control de sistema UPN01000034833
049 ## - COLECCIÓN
Colección CE
050 #4 - SIGNATURA TOPOGRÁFICA DE LA BIBLIOTECA DEL CONGRESO
Número de clasificación ND615
Número de documento/Ítem L4
245 00 - MENCIÓN DE TÍTULO
Título Leonardo /
Mención de responsabilidad, etc. ed. Enzo Orlandi ; consultora científica Mia Cinotti.
260 ## - PUBLICACIÓN, DISTRIBUCIÓN, ETC.
Lugar de publicación, distribución, etc. Barcelona, Esp. :
Nombre del editor, distribuidor, etc. Marín,
Fecha de publicación, distribución, etc. 1976.
300 ## - DESCRIPCIÓN FÍSICA
Extensión 127 p. :
Otras características físicas principalmente il.
440 #0 - MENCIÓN DE SERIE/ASIENTO SECUNDARIO--TÍTULO
Título Grandes maestros del arte
600 04 - ASIENTO SECUNDARIO DE MATERIA - NOMBRE PERSONAL
Nombre de persona LEONARDO,
Títulos y otros términos asociados al nombre DA VINCI,
Fechas asociadas al nombre 1452-1519
650 #4 - ASIENTO SECUNDARIO DE MATERIA - TERMINO TEMATICO
Término de materia o nombre geográfico como elemento de entrada PINTORES -
Subdivisión de forma BIOGRAFIA
9 (RLIN) 14775
700 1# - ASIENTO SECUNDARIO--NOMBRE DE PERSONAL
Nombre de persona Orlandi, Enzo,
Término indicativo de función/relación ed.
905 ## - TIPO DE MATERIAL
Tipo de material Libro
Holdings
Estado de retiro Estado de pérdida Fuente del sistema de clasificación o colocación Estado dañado No para préstamo Código de colección Localización permanente Ubicación/localización actual Ubicación en estantería Fecha de adquisición Clasificación Código de barras Fecha visto por última vez Número de copia Tipo de ítem Koha
    Library of Congress Classification   Coleccion Esp. Colección Especial Bib. Gregorio Torres Quintero Bib. Gregorio Torres Quintero Colección Especial 02/05/2023 ND615 L4 5956 31/12/2020 1 Libro